000 00725nam a2200193Ia 4500
003 OSt
005 20240719150157.0
008 210210b2003 xxu||||| |||| 00| 0 eng d
040 _cAL
041 _aKannada
082 _a621.3K GAJB
100 _aGAJANANA SHARMA.
_dಗಜಾನನ ಶರ್ಮ
_9173768
245 _aBelakayitu karnataka Karnatakadalli vidyutchaktiya ugama mattu vikasa
_bಬೆಳಕಾಯಿತು ಕರ್ನಾಟಕ: ಕರ್ನಾಟಕದಲ್ಲಿ ವಿದ್ಯುತ್ ಶಕ್ತಿಯ ಉಗಮ ಮತ್ತು ವಿಕಾಸ
260 _aHeggodu.
_bAkshata Prakashana
_c2003
300 _a326
690 _aElectrical Engineering
_9173769
906 _a058308
942 _2ddc
_cBK
999 _c105671
_d105671